000 00502nam a2200205Ia 4500
003 OSt
005 20140311163112.0
008 140130s9999 xx 000 0 und d
020 _a0439455707
050 _aPZ 7
_b.B711 2003
100 _aBond, Felicia
_931006
245 _aThe day it rained hearts /
_cFelicia Bond.
260 _bScholastic,
_c2003.
_aNew York :
300 _bcol. ill. ;
_c18 cm.
440 _v1
_931007
521 _aG3
526 _c540
942 _cBK
_2lcc
999 _c40614
_d40614